书目信息 |
| 题名: |
Lipschitz边界上的奇异积分与Fourier理论
|
|
| 作者: | 钱涛 , 李澎涛 著 | |
| 分册: | ||
| 出版信息: | 北京 科学出版社 2017.2 |
|
| 页数: | 286页 | |
| 开本: | 24cm | |
| 丛书名: | 现代数学基础丛书 | |
| 单 册: | ||
| 中图分类: | O172.2 | |
| 科图分类: | ||
| 主题词: | 奇异积分 , 傅里叶分析 | |
| 电子资源: | ||
| ISBN: | 978-7-03-051698-5 | |
| 000 | 01063nam 2200289 450 | |
| 001 | 0400003718 | |
| 005 | 20171022130249.0 | |
| 010 | @a978-7-03-051698-5@dCNY118.00 | |
| 100 | @a20170802e2017 em y0chiy50 ea | |
| 101 | 0 | @achi |
| 102 | @aCN@b110000 | |
| 105 | @ay z 001yy | |
| 106 | @ar | |
| 200 | 1 | @aLipschitz边界上的奇异积分与Fourier理论@9Lipschitz bian jie shang de qi yi ji fen yu Fourier li lun@f钱涛,李澎涛著 |
| 210 | @a北京@c科学出版社@d2017.2 | |
| 215 | @a286页@d24cm | |
| 225 | 2 | @a现代数学基础丛书@v167 |
| 300 | @a中国科学院科学出版基金资助出版 | |
| 330 | @a本书系统地介绍了20世纪80年代以来发展起来的Lipschitz曲线和曲面上的奇异积分和Fourier理论。包括:Lipschitz曲线与曲面上的具有全纯核的奇异积分算子代数、同类型的分数次积分与微分、曲线与曲面上的Fourier乘子理论及其应用,等等。 | |
| 461 | 0 | @12001 @a现代数学基础丛书 |
| 606 | 0 | @a奇异积分 |
| 606 | 0 | @a傅里叶分析 |
| 690 | @aO172.2@v5 | |
| 701 | 0 | @a钱涛@9qian tao@4著 |
| 701 | 0 | @a李澎涛@9li peng tao@4著 |
| 801 | 0 | @aCN@b91MARC@c20171022 |
| 905 | @b1023025-9@dO172.2@f5@e139 | |
| Lipschitz边界上的奇异积分与Fourier理论/钱涛,李澎涛著.-北京:科学出版社,2017.2 |
| 286页;24cm.-(现代数学基础丛书;167) |
| 中国科学院科学出版基金资助出版 |
| ISBN 978-7-03-051698-5:CNY118.00 |
| 本书系统地介绍了20世纪80年代以来发展起来的Lipschitz曲线和曲面上的奇异积分和Fourier理论。包括:Lipschitz曲线与曲面上的具有全纯核的奇异积分算子代数、同类型的分数次积分与微分、曲线与曲面上的Fourier乘子理论及其应用,等等。 |
| ● |
| 相关链接 |
|
|
|
|
正题名:Lipschitz边界上的奇异积分与Fourier理论
索取号:O172.2/139
 
预约/预借
| 序号 | 登录号 | 条形码 | 馆藏地/架位号 | 状态 | 备注 |
| 1 | 1023025 | 210230258 | 第二样本阅览室/ [索取号:O172.2/139] | 在馆 | |
| 2 | 1023026 | 210230267 | 密集书库-数信学院/ [索取号:O172.2/139] | 在馆 | |
| 3 | 1023027 | 210230276 | 第三借阅区/ [索取号:O172.2/139] | 在馆 | |
| 4 | 1023028 | 210230285 | 第三借阅区/ [索取号:O172.2/139] | 在馆 | |
| 5 | 1023029 | 210230294 | 第三借阅区/ [索取号:O172.2/139] | 在馆 |